000 00895cam a2200289 i 4500
999 _c5259
_d5259
001 392881
003 OSt
005 20220406072807.0
008 791126s1980 mdua b 001 0 eng
010 _a 79025778
020 _a0683071033
040 _aDLC
_cDLC
_dDLC
050 0 0 _aRC78
_b.R33 1980
_aRC941
082 0 0 _a616.07/572/08 s
_a617/.54/07572
100 1 _aRabin, Coleman B.,
_d1900-1991.
245 1 0 _aRadiology of the chest /
_cColeman B. Rabin, Murray G. Baron.
250 _a2d ed.
260 _aBaltimore :
_bWilliams & Wilkins,
_cc1980.
300 _ax, 764 p. :
_bill. ;
_c28 cm.
440 0 _aGolden's diagnostic radiology ;
_vsection 3
500 _ap.725-752.
504 _aIncludes bibliography and index.
650 0 _aChest
_xRadiography.
700 1 _aBaron, Murray G.,
_ejoint author.
906 _a7
_bcbc
_corignew
_d1
_eocip
_f19
_gy-gencatlg
942 _2lcc
_cBK
_nCM